Угадай Персонажа Гарри Поттера По Фото - Statistics

General Stats
  • This quiz has been taken 2 097 times
  • The average score is 10 of 13
Answer Stats
Picture Answer % Correct
Гарри Поттер
100%
Гермиона Грейнджер
97%
Рон Уизли
94%
Драко Малфой
93%
Северус Снегг
88%
Том Реддл
88%
Альбус Дамблдор
84%
Невилл Долгопупс
74%
Сириус Блэк
72%
Полумна Лавгуд
70%
Беллатриса Лестрейндж
65%
Минерва МакГонагалл
63%
Долорес Амбридж
55%
No matching quizzes found
Score Distribution
Percent of People with Each Score
Percentile by Number Answered
Your Score History
You have not taken this quiz